01278nam a2200241 a 4500001001000000003000400010005001700014008004100031040002500072082002500097100003500122245011800157260004900275300002000324590002600344651012400370651010100494910003700595942001400632952018300646952019000829999001701019000027560OSt20201118140953.0110401s1946 dr r 000 0 spa d aDO-SdBNPbspacBNPHU 4a972.93053bB715d2221 aBonilla Atiles, Antonio95465010aDiscursos y conferencias enjuiciando la política del presidente Trujillo (1940-1946) /cAntonio Bonilla Atiles. aSanto Domingo :bEdiciones Véritas,c1946. a52 p. ;c24 cm. aInventariado, 2018/LP 4aRepública DominicanaxPolítica y GobiernoxHistoriayEra de Trujillo, 1930-1961vEnsayos, conferencias, etc.954651 4aRepública DominicanaxHistoriayEra de Trujillo, 1930-1961vEnsayos, conferencias, etc.912749 aValidado. Control de calidad MFF 2ddccLBS1 00102ddc718RVaBNPHUbPDcHDd2011-04-18l0oBNPHU PD-RV 972.93053 B715dp27560-10r2020-06-25w2020-06-25yLBS1zPerteneció a la biblioteca personal de Enrique de Marchena. 001050718RVaPDbPDcHDd2011-05-12iLF1l0o972.93053 B715dp27560-20r2020-06-25te.2w2020-06-25y1zPerteneció a la biblioteca personal de Ernesto García Aybar.ZNo se presta c27052d27052